Θέατρο στην εκπαίδευση και αρχαία ελληνική σκέψη : μίμησις του καλλίστου βίου

Αποθηκεύτηκε σε:
Λεπτομέρειες βιβλιογραφικής εγγραφής
Κύριος συγγραφέας: Παπαδόπουλος, Σίμος
Μορφή: Βιβλίο
Γλώσσα:Greek
Δημοσίευση: Αθήνα: Παπαζήση, 2021.
Σειρά:Θεατρικοί τόποι
Θέματα:
Ετικέτες: Προσθήκη ετικέτας
Δεν υπάρχουν, Καταχωρήστε ετικέτα πρώτοι!

MARC

LEADER 00000cam a2200000 a 4500
001 1/124766
008 220506s2021####gd | ||| |||| ||gre||
020 |a 9789600234207 
040 |a GR-MyUa  |b gre  |c GR-MyUa  |e AACR2 
041 0 |a gre 
082 7 |a 372.66   |2 (23)  
100 1 |a Παπαδόπουλος, Σίμος. 
245 1 0 |a Θέατρο στην εκπαίδευση και αρχαία ελληνική σκέψη :   |b μίμησις του καλλίστου βίου /   |c Σίμος Παπαδόπουλος.  
260 |a Αθήνα:   |b Παπαζήση,   |c 2021.  
300 |a 365 σ. :   |b εικ. ;   |c 21 εκ.  
490 1 |a (Θεατρικοί τόποι)  
504 |a Περιλαμβάνει βιβλιογραφικές παραπομπές και ευρετήρια.  
650 0 |a Theater and society  |z Greece. 
650 0 |a Theater  |x Study and teaching. 
650 0 |a Drama in education  |z Greece. 
830 0 |a Θεατρικοί τόποι 
970 |a Σιδερή   |b Νεκταρία   |z 2022/05/06